The works of William Shakespeare (From the text of the rev. Alexander Dyce´s fourth edition, with an arrangement of his glossary)
Сохранить в:
| Главный автор: | |
|---|---|
| Формат: | |
| Язык: | English |
| Опубликовано: |
New York, Estados Unidos
The Mershon Company
1885
|
| Предметы: | |
| Метки: |
Добавить метку
Нет меток, Требуется 1-ая метка записи!
|
MARC
| LEADER | 00000nam a2200000Ia 4500 | ||
|---|---|---|---|
| 008 | 170316s9999 xx 000 0 eng d | ||
| 040 | |a cru BVZT | ||
| 090 | |a 820 S-5w v.12 | ||
| 100 | |a Shakespeare, William | ||
| 245 | 4 | |a The works of William Shakespeare (From the text of the rev. Alexander Dyce´s fourth edition, with an arrangement of his glossary) |c William Shakespeare | |
| 260 | |a New York, Estados Unidos | ||
| 260 | |b The Mershon Company | ||
| 260 | |c 1885 | ||
| 300 | |a 503 páginas. Vol. XII | ||
| 650 | |a LITERATURA INGLESA |9 12 | ||
| 650 | 0 | |a EN IDIOMA INGLÉS |9 129 | |
| 650 | |a WORKS OF WILLIAM SHAKESPEARE | ||
| 650 | |2 KING HENRY VIII | ||
| 650 | |a THE TWO NOBLE KINSMEN | ||
| 650 | |a EDWARD THE THIRD | ||
| 999 | |c 7207 |d 7207 | ||
| 942 | |c LIB |h 820 S-5w v.12 |2 z | ||
